| 000 | 005210000a22001930004500 | ||
|---|---|---|---|
| 041 | 0 | _aENG | |
| 082 | 0 | 4 | _aG 232.5 B2624c |
| 100 | 1 | _aBarnhouse, Donald Grey (1895–1960) | |
| 245 | 1 | 0 | _aThe cross through the open tomb / Donald Grey Barnhouse |
| 250 | _a1 | ||
| 260 | _aGrand Rapids, Mic., USA : Eerdmans | ||
| 300 | _a152 Pag | ||
| 650 | 1 | 4 | _aRESURRECCION DE JESUS |
| 001 | 3716 | ||
| 942 | _cBK | ||
| 999 |
_c34356 _d34356 |
||
| 336 |
_atexto _btxt _2rdacontent |
||
| 337 |
_2rdamedia _asin mediación _bn |
||
| 338 |
_2rdacarrier _avolumen _bnc |
||